000
00334nam a2200145Ia 4500
005
20251222152658.0
008
251222s9999||||xx |||||||||||||| ||spa||
020
_a
8401490693
082
_a
863.643/V35
100
_a
Vázquez Figueroa, Alberto
245
0
_a
Manaos
250
_a
10ma.ed.
264
_b
Plaza & Janés
942
_c
LIB
999
_c
28728
_d
28728